00602aam a2200205 450000500170000000800410001704100080005808200170006610000410008324501070012426000210023130000190025265000220027165000220029365000210031565000170033665000210035394200070037499900150038120161201151340.0150415b xxu||||| |||| 00| 0 spa d aspa a972.866 I24s aIglesias Inigo, José Marcos933718 aSanta Cruz de Guanacaste: pruebas documentales sobre el origen del nombre, fundadores y lugar escogido aCosta Ricac2006 a198 páginas  aCOSTA RICA933719 aSANTA CRUZ921806 aGUANACASTE91778 aHISTORIA943 aCOSTUMBRES94420 cBK c4626d4626